Evaluating second language education

Saved in:
Bibliographic Details
Other Authors: Alderson, J. Charles, Beretta, Alan
Format: Book
Language:English
Published: Cambridge : New York : Cambridge University Press, 1992
Series:Cambridge applied linguistics series
Subjects:
Tags: Add Tag
No Tags, Be the first to tag this record!

MARC

LEADER 00000cam a2200000 i 4500
001 1/20087
008 930823s1991 eng d
020 |a 0521422698 ((pbk.)) 
035 |l 10021486 
040 |a GR-MY-UA  |b gre  |e aacr 
041 0 |a eng 
082 0 |a 371.97 
245 1 0 |a Evaluating second language education /  |c edited by J. Charles Alderson, Alan Beretta 
260 |a Cambridge :   |a New York :   |b Cambridge University Press,   |c 1992 
300 |a x, 374 p.;  |b ill.;  |c 24 cm 
490 1 |a Cambridge applied linguistics series 
504 |a Includes bibliographical references and indexes 
650 0 0 |a Education, Bilingual  |x Evaluation. 
700 1 |a Alderson, J. Charles. 
700 1 |a Beretta, Alan. 
830 0 |a Cambridge applied linguistics series 
852 |a INST  |b CHIOS  |e 19930823  |h 371.97 ALD  |p 005200010520  |q 005200010520  |t BK  |y 0 
909 |a Χ  |b 024111